Оценка метода определения нормативного потребления тепловой энергии на отопление жилых помещений; Теплофизические основы энергетических технологий

Bibliographische Detailangaben
Parent link:Теплофизические основы энергетических технологий.— 2010.— [С. 324-327]
1. Verfasser: Озерова И. П. Ирина Петровна
Weitere Verfasser: Цыганкова Ю. С. Юлия Сергеевна
Zusammenfassung:Заглавие с титульного листа
Sprache:Russisch
Veröffentlicht: 2010
Schlagworte:
Online-Zugang:http://www.lib.tpu.ru/fulltext/c/2010/C02/080.pdf
Format: Elektronisch Buchkapitel
KOHA link:https://koha.lib.tpu.ru/cgi-bin/koha/opac-detail.pl?biblionumber=233733

MARC

LEADER 00000naa2a2200000 4500
001 233733
005 20260116161014.0
035 |a (RuTPU)RU\TPU\book\254814 
035 |a RU\TPU\book\254812 
090 |a 233733 
100 |a 20130311d2010 k y0rusy50 ca 
101 0 |a rus 
102 |a RU 
135 |a drcn ---uucaa 
181 0 |a i  
182 0 |a b 
200 1 |a Оценка метода определения нормативного потребления тепловой энергии на отопление жилых помещений  |f И. П. Озерова, Ю. С. Цыганкова 
203 |a Текст  |c электронный 
215 |a 1 файл (355 Kb) 
300 |a Заглавие с титульного листа 
320 |a [Библиогр.: с. 327 (3 назв.)] 
337 |a Adobe Reader 
463 1 |0 (RuTPU)RU\TPU\book\250339  |t Теплофизические основы энергетических технологий  |o сборник научных трудов Всероссийской научно-практической конференции с международным участием, 24 - 26 июня 2010 г., г. Томск  |f Национальный исследовательский Томский политехнический университет (ТПУ) ; ред. коллегия Г. В. Кузнецов [и др.]  |v [С. 324-327]  |d 2010 
610 1 |a труды учёных ТПУ 
610 1 |a электронный ресурс 
610 1 |a оценка 
610 1 |a потребление 
610 1 |a тепловая энергия 
610 1 |a отопление 
610 1 |a жилые помещения 
700 1 |a Озерова  |b И. П.  |c специалист в области теплоэнергетики  |c доцент Томского политехнического университета  |f 1952-  |g Ирина Петровна  |3 (RuTPU)RU\TPU\pers\26842  |9 12461 
701 1 |a Цыганкова  |b Ю. С.  |c специалист в области теплотехники  |c старший преподаватель Томского политехнического университета  |f 1987-  |g Юлия Сергеевна  |3 (RuTPU)RU\TPU\pers\30503  |9 14815 
801 1 |a RU  |b 63413507  |c 20120830 
801 2 |a RU  |b 63413507  |c 20150320  |g RCR 
856 4 |u http://www.lib.tpu.ru/fulltext/c/2010/C02/080.pdf 
942 |c CF